| 000 | 00535cam a2200193ua 4500 | ||
|---|---|---|---|
| 020 |
_a0 07 460150 4 _c175.00 |
||
| 041 |
_aeng _h |
||
| 082 |
_a005.26 _bHAL/MI |
||
| 100 | _aHall, Douglas V. | ||
| 245 |
_aMicroprocessors and interfacing programming and hardware / _cDouglas V Hall. _hTextual Documents |
||
| 250 |
_a1 / _b. |
||
| 260 |
_aNew Delhi : _bTata Mc-Graw Hill Publishing Company , _c1986. |
||
| 300 | _a554 ; . | ||
| 365 | _a175.00 | ||
| 500 | _a*CSS | ||
| 504 | _a | ||
| 942 | _cBK | ||
| 999 |
_c10915 _d10915 |
||